Regionálna spolupráca: doplnok Európskej únie?
Šesť medzištátnych zmlúv SR o voľnom pohybe tovaru. Asociačná dohoda. Dohoda o SEZVO o vytvorení zóny voľného obchodu. Európska dohoda o pridružení má cieľ zapojiť krajiny V-4 do globálneho trhu. Recipročná výmena koncesií. Pôvod tovaru. Nerovnaká výška ciel v krajinách SEZVO. Urýchlená ekonomická i...
Gespeichert in:
| 1. Verfasser: | |
|---|---|
| Format: | Buchkapitel |
| Sprache: | Slowakisch |
| Schlagworte: | |
| Tags: |
Keine Tags, Fügen Sie das erste Tag hinzu!
|
MARC
| LEADER | 00000naa a2200000 4500 | ||
|---|---|---|---|
| 001 | r017954 | ||
| 005 | 20221213095928.1 | ||
| 041 | 0 | |a slo | |
| 044 | |a SK | ||
| 245 | 1 | 0 | |a Regionálna spolupráca: doplnok Európskej únie? |c J. Knopp |
| 520 | |a Šesť medzištátnych zmlúv SR o voľnom pohybe tovaru. Asociačná dohoda. Dohoda o SEZVO o vytvorení zóny voľného obchodu. Európska dohoda o pridružení má cieľ zapojiť krajiny V-4 do globálneho trhu. Recipročná výmena koncesií. Pôvod tovaru. Nerovnaká výška ciel v krajinách SEZVO. Urýchlená ekonomická integrácia v SEZVO a následná plná liberalizácia v obchode so štátmi EÚ a EZVO. | ||
| 610 | 2 | 0 | |a Slovensko |
| 610 | 2 | 0 | |a Európska únia |
| 610 | 2 | 0 | |a CEFTA |
| 610 | 2 | 0 | |a Vyšehradská štvorka |
| 610 | 2 | 0 | |a dohody asociačné |
| 610 | 2 | 0 | |a dohody obchodné medzinárodné |
| 610 | 2 | 0 | |a clá |
| 610 | 2 | 0 | |a pôvod tovaru |
| 610 | 2 | 0 | |a integrácia ekonomická medzinárodná |
| 610 | 2 | 0 | |a liberalizácia |
| 610 | 2 | 0 | |a spolupráca hospodárska medzinárodná |
| 610 | 2 | 0 | |a obdobie prechodné |
| 610 | 2 | 0 | |a preferencie |
| 100 | 1 | |a Knopp, J. | |